1019 1486 1122 1389 1718 1072 1445 1826 1030 1724 1428 1677 1156 1769 1210 1404 1346 1170 1334 1663 1326 1541 1407 1235 1072 1782 1800 1234 1703 1544 1466 1142 1839 1280 1873 1224 1678 1971 1132 1522 1164 1705 1762 1921 1942 1378 1413 1218 1834 1424 1441 1906 1413 1203 1082 1750 1028 1211 1393 1256 1596 1742 1155 1260 1459 1696 1332 1019 1478 1291 1947 1807 1496 1765 1149 1224 1655 1755 1927 1800 1699 1287 1097 1777 1528 1134 1109 1449 1959 1496 1235 1854 1687 1701 1623 2000 1997 1353 1593 BCNSPRNW ULIB Ver.6.0+V

เปลี่ยนเป็นภาษาไทย

Change to English
 แสดงรายละเอียดบรรณานุกรม
  กลับหน้าหลัก

Brief Record : Get Marc (ISO 2709) : E-mail record : QR code < ปิดหน้าต่าง
LEADER : 00000nam 2200000uu 4500
001    13399113858
003     ULIB
008    120110s||||||||th 000 0 tha d
099    วจ.WQ200^bย336ป
100 0  ยุคนธร ทองรัตน์
245 00 ปััจจัยที่เกี่ยวข้องกับการที่มารดาไม่มาอยู่เฝ้าทารกแรกเกิซึ่งเข้ารับการรักษาในหอผู้ป่วยหนักโรงพยาบาลพุทธชินราช พิษณุโลก/^cยุคนธร ทองรัตน์,ทิพย์สุดา เส็งพานิช,สิรารักษ์ ศรีมาลา,ฝนทิพย์ ใคร่กระโทก,อรัญญา วิชิตนาค และ วาสนา ภูววัฒนาเศรษฐ์
260    พิษณุโลก :^bวิทยาลัยพยาบาลบรมราชชนนี พุทธชินราช,^c2553
300    70 หน้า :^bตาราง
500    รายงานการวิจัย
650  7 ทารกแรกเกิด^xมารดา^xวิจัย
650  7 มารดาไม่มาอยู่เฝ้าทารกแรกเกิด
700 02 ทิพย์สุดา เส็งพานิช
700 02 สิรารักษ์ ศรีมาลา
700 02 ฝนทิพย์ ใคร่กระโทก
700 02 อรัญญา วิชิตนาค
700 02 วาสนา ภูววัฒนาเศรษฐ์
710 1  วิทยาลัยพยาบาลบรมราชชนนี พุทธชินราช
945    ^p0^l0^i030923
995    ทศพร
999 ^a ทศพร
รายการนี้ยังไม่มีแท็ก
คุณยังไม่ได้ล็อกอิน คุณสามารถมีกิจกรรมร่วมกับเว็บไซต์ได้ แต่ต้องล็อกอินก่อน ::
  ล็อกอิน

รายการสื่อสารสนเทศ

ลำดับที่ ประเภท เลขเรียก/บาร์โค้ด สถานที่ สถานะ
1. งานวิจัย
งานวิจัย
วจ.WQ200 ย336ป ฉ.1 
  Barcode: 030923
ห้องสมุดวิทยาเขตสวรรค์ประชารักษ์
►วิจัย
บนชั้น

รายการใกล้เคียง
    ผู้แต่ง [ยุคนธร ทองรัตน์]

BibComment


ยังไม่เคยถูกคอมเมนท์

คอมเมนท์ทรัพยากรรายการนี้
  คอมเมนท์: ปััจจัยที่เกี่ยวข..


 Copyright 2026. Bcnsprnw @Library